|
|
|
|
| LEADER |
00829nam a2200241 a 4500 |
| 001 |
GR-MES6861 |
| 008 |
000413s gr 000 0 gre d |
| 020 |
|
|
|a 0201403986
|
| 040 |
|
|
|a GrPaTEI
|b gre
|c GR-PaULI
|
| 040 |
|
|
|a GrPaTEI
|b gre
|c GR-PaULI
|
| 245 |
0 |
0 |
|a Economics :
|b study guide /
|c Atkinson B.
|
| 250 |
|
|
|a 3η
|
| 260 |
|
|
|a Harlow :
|b Addison-Wesley,
|c 1997
|
| 300 |
|
|
|a 345 σελ
|
| 300 |
|
|
|c πιν.,διαγρ.
|
| 650 |
|
4 |
|a Αγορά
|
| 650 |
|
4 |
|a ΟΔΗΓΟΣ ΣΠΟΥΔΩΝ
|
| 650 |
|
4 |
|a Οικονομία
|
| 700 |
1 |
|
|a ATKINSON, BRIAN
|
| 942 |
|
|
|2 ddc
|
| 952 |
|
|
|0 0
|1 0
|2 ddc
|4 0
|6 330_000000000000000_ATK
|7 0
|9 277193
|a MSLG
|b MSLG
|c BSC
|d 2021-01-17
|e 24
|f 0
|g 0.00
|l 0
|o 330 ATK
|p 2420000016049
|r 2021-01-17 00:00:00
|t 1
|w 2021-01-17
|y BK15
|x 20000413 0 1
|x GrPaTEI
|
| 971 |
|
|
|a .b25853302
|b 15-04-20
|c 14-09-16
|
| 999 |
|
|
|c 161022
|d 161022
|